| 000 | 00477nam a2200169 i 4500 | ||
|---|---|---|---|
| 001 | 56215 | ||
| 003 | ES-MaACL | ||
| 005 | 20230906163317.0 | ||
| 007 | t| | ||
| 008 | 031006s1964 sp ||||1| cat d | ||
| 245 | 0 | 0 | _aDiccionari nomenclator de pobles i poblats de Catalunya. |
| 250 | _a2ª ed. | ||
| 260 |
_aBarcelona : _bAedos, _c[1964] |
||
| 300 |
_aXIV, 593 p. : _bmap. ; _c22 cm. |
||
| 651 | 4 |
_aCataluña- _vNomencladores. _9166001 |
|
| 852 |
_aES-MaACL _jC-25382 _bR.54246 |
||
| 999 |
_c56215 _d56215 |
||